Радиактивное загрязнение нефтегазоностных регионов в результате проведения ядерных испытаний в интересах народного хозяйства; Безопасность жизнедеятельности; № 2

Մատենագիտական մանրամասներ
Parent link:Безопасность жизнедеятельности: научно-практический и учебно-методический журнал.— , 2001-
№ 2.— 2004.— С. 28-34
Հիմնական հեղինակ: Кирюхина Н. Н.
Այլ հեղինակներ: Шахитжанов Ю. С.
Լեզու:ռուսերեն
Հրապարակվել է: 2004
Շարք:Экологическая безопасность
Խորագրեր:
Ձևաչափ: Գրքի գլուխ
KOHA link:https://koha.lib.tpu.ru/cgi-bin/koha/opac-detail.pl?biblionumber=391157

MARC

LEADER 00000naa2a2200000 4500
001 391157
005 20231101064044.0
035 |a (RuTPU)RU\TPU\prd\25088 
090 |a 391157 
100 |a 20040409a2004 k y0rusy50 ca 
101 0 |a rus 
102 |a RU 
200 1 |a Радиактивное загрязнение нефтегазоностных регионов в результате проведения ядерных испытаний в интересах народного хозяйства  |f Н. Н. Кирюхина, Ю. С. Шахитжанов 
225 1 |a Экологическая безопасность 
320 |a Библиогр.: 6 назв. 
461 1 |0 (RuTPU)RU\TPU\prd\1137  |t Безопасность жизнедеятельности  |o научно-практический и учебно-методический журнал  |d 2001- 
463 1 |0 (RuTPU)RU\TPU\prd\24122  |t № 2  |v С. 28-34  |d 2004 
610 1 |a нефтегазоносные районы 
610 1 |a ядерные испытания 
610 1 |a радиактивные загрязнения 
610 1 |a экологические последствия 
610 1 |a подземные ядерные взрывы 
610 1 |a минимизация 
675 |a 623.454.836  |v 3 
700 1 |a Кирюхина  |b Н. Н. 
701 1 |a Шахитжанов  |b Ю. С. 
801 1 |a RU  |b 63413507  |c 20040409  |g PSBO 
942 |c BK